• 首页
  • 本馆介绍
  • 公告通知
  • 最新文献
  • 馆藏检索
  • 电子资源
  • 读者导购
  • 参考咨询
  • 我的图书馆
  • 登录
  • 详细信息显示
  • 放入我的书架
  • 预约/预借图书
  • 作者相关作品
  • 分类相关作品
  • 丛书相关作品
  • 出版社相关作品

书目信息

  • 表格格式
  • 工作单格式
  • 卡片格式
题名:
共青团十五大报告学习辅导读本
    
 
作者: 本书编写组编
分册:  
出版信息: 北京   北京理工大学出版社  2003
页数: 268页
开本: 20cm
丛书名:
单 册:
中图分类: D292
科图分类:
主题词: 中国共产党主义青年团--会议,十五次--报告--学习参考资料
电子资源:
ISBN: 7-5640-0172-0
000 00594nam0 2200181 450
001 0759136343
005 20070720195015.07
010    @a7-5640-0172-0@dCNY17.00
100    @a20070708d2003 km y0chiy0120 ea
101 0  @achi
102    @aCN@b110000
200 1  @a共青团十五大报告学习辅导读本@Agong qing tuan shi wu da bao gao xue xi fu dao du ben@f本书编写组编@Fben shu bian xie zu bian
210    @a北京@c北京理工大学出版社@d2003
215    @a268页@d20cm
606 0  @a中国共产党主义青年团@x会议,十五次@x报告@x学习参考资料
690    @aD292@v3
801  0 @aCN@bPFT@c20070720
905    @a10447@dD292@e28
    
    共青团十五大报告学习辅导读本/本书编写组编.-北京:北京理工大学出版社,2003
    268页;20cm
    
    
    ISBN 7-5640-0172-0:CNY17.00
    
●
相关链接 在E读中查询图书 在五车中查询图书 在当当中查询图书 在豆瓣中查询图书


正题名:共青团十五大报告学习辅导读本     索取号:D292/28         预约/预借

序号 登录号 条形码 馆藏地/架位号 状态 备注
1 0765602   207656026   第一样本阅览室/ [索取号:D292/28] 在馆    
2 0769004   207690042   密集书库/ [索取号:D292/28] 在馆    
3 0769472   207694725   密集书库/ [索取号:D292/28] 在馆    
唐山师范学院图书馆 欢迎您!
大连网信软件有限公司© 版权所有